[Event "FRM-chT (Women)"]
[Site "Ohrid"]
[Date "2023.08.26"]
[Round "1.3"]
[White "Nikolovska, Dragana"]
[Black "Lazarevska, Ana"]
[Result "1-0"]
[WhiteElo "1843"]
[BlackElo "1300"]
[PlyCount "55"]
[EventDate "2023.08.26"]
[EventType "team-tourn"]
[EventRounds "7"]
[EventCountry "MKD"]
[SourceTitle "EXT 2024"]
[Source "ChessBase"]
[SourceDate "2023.10.10"]
[SourceVersion "1"]
[SourceVersionDate "2023.10.10"]
[SourceQuality "1"]

1. e4 e5 2. Nf3 Nc6 3. Bb5 a6 4. Ba4 Nf6 5. Qe2 b5 6. Bb3 Bc5 7. c3 d6 8. 0-0 0-0 9. Rd1 Bg4 10. h3 Bh5 11. d3 h6 12. Nbd2 d5 13. Nf1 Qd6 14. Ng3 Bxf3 15. Qxf3 Ne7 16. d4 exd4 17. cxd4 dxe4 18. dxc5 Qxc5 19. Nxe4 Nxe4 20. Qxe4 Rae8 21. Qg4 h5 22. Qg5 Qxg5 23. Bxg5 c5 24. Bf4 c4 25. Bc2 Rd8 26. Bd6 Rfe8 27. Bxe7 Rxd1+ 28. Rxd1 1-0

[Event "Olympiad Women-44"]
[Site "Chennai"]
[Date "2022.07.31"]
[Round "3.3"]
[White "Ayele, Hana Mulugeta"]
[Black "Nikolovska, Dragana"]
[Result "0-1"]
[WhiteElo "1437"]
[BlackElo "1876"]
[PlyCount "62"]
[EventDate "2022.07.29"]
[EventType "team-swiss"]
[EventRounds "11"]
[EventCountry "IND"]
[SourceTitle "CBM 210"]
[Source "ChessBase"]
[SourceDate "2022.10.31"]
[SourceVersion "1"]
[SourceVersionDate "2022.10.31"]
[SourceQuality "1"]
[WhiteTeam "Ethiopia (W)"]
[BlackTeam "North Macedonia (W)"]
[WhiteTeamCountry "ETH"]
[BlackTeamCountry "MKD"]

1. e4 c5 2. Nf3 d6 3. Bc4 Nf6 4. Nc3 Nc6 5. a3 Bg4 6. h3 Bxf3 7. Qxf3 Nd4 8. Qd1 g6 9. d3 Bg7 10. 0-0 0-0 11. Be3 Nd7 12. Bxd4 Bxd4 13. Qd2 a6 14. Rab1 b5 15. Bd5 Rb8 16. Ne2 Bg7 17. c3 Qb6 18. Nf4 Bh6 19. d4 e5 20. dxe5 dxe5 21. g3 exf4 22. gxf4 Qc7 23. f3 Bxf4 24. Qe2 Nf6 25. Rf2 Nxd5 26. exd5 Rbe8 27. Qd3 Be3 28. d6 Qd7 29. Re1 Bxf2+ 30. Kxf2 Rxe1 31. Kxe1 Rd8 0-1

[Event "Olympiad Women-44"]
[Site "Chennai"]
[Date "2022.07.30"]
[Round "2.3"]
[White "Nikolovska, Dragana"]
[Black "Fariha, Mariroh"]
[Result "0-1"]
[WhiteElo "1876"]
[BlackElo "1839"]
[PlyCount "74"]
[EventDate "2022.07.29"]
[EventType "team-swiss"]
[EventRounds "11"]
[EventCountry "IND"]
[SourceTitle "CBM 210"]
[Source "ChessBase"]
[SourceDate "2022.10.31"]
[SourceVersion "1"]
[SourceVersionDate "2022.10.31"]
[SourceQuality "1"]
[WhiteTeam "North Macedonia (W)"]
[BlackTeam "Indonesia (W)"]
[WhiteTeamCountry "MKD"]
[BlackTeamCountry "INA"]

1. e4 c5 2. c3 d5 3. exd5 Qxd5 4. d4 g6 5. Nf3 Bg7 6. Na3 cxd4 7. Nb5 Na6 8. Nbxd4 Nf6 9. Bb5+ Bd7 10. Bxd7+ Nxd7 11. 0-0 0-0 12. Re1 Rfe8 13. Be3 Nb6 14. b3 Qh5 15. c4 Rad8 16. Qe2 e5 17. Nb5 e4 18. Nfd4 Qxe2 19. Rxe2 Nb4 20. Rd1 Nd3 21. Nc2 Nc8 22. Nc7 Rf8 23. Nd5 f5 24. Bd4 Rf7 25. Bxg7 Kxg7 26. Nd4 Rd6 27. Red2 a6 28. a4 Ne7 29. Nxe7 Rxe7 30. Ne2 Kf6 31. Nf4 Red7 32. Nxd3 Rxd3 33. Rxd3 Rxd3 34. Rb1 Ke5 35. b4 Kd4 36. Rc1 Rc3 37. Rxc3 Kxc3 0-1

[Event "FRM-ch (Women)"]
[Site "Skopje"]
[Date "2022.05.03"]
[Round "5"]
[White "Stojkovska, Monika"]
[Black "Nikolovska, Dragana"]
[Result "1-0"]
[WhiteElo "2086"]
[BlackElo "1904"]
[PlyCount "69"]
[EventDate "2022.04.29"]
[EventType "swiss"]
[EventRounds "7"]
[EventCountry "MKD"]
[SourceTitle "EXT 2023"]
[Source "ChessBase"]
[SourceDate "2022.10.05"]
[SourceVersion "1"]
[SourceVersionDate "2022.10.05"]
[SourceQuality "1"]

1. e4 c5 2. Nf3 d6 3. d4 cxd4 4. Nxd4 Nf6 5. Nc3 g6 6. Be3 Bg7 7. f3 Nc6 8. Qd2 0-0 9. Bc4 Bd7 10. 0-0-0 Rc8 11. Bb3 Ne5 12. Kb1 Nc4 13. Bxc4 Rxc4 14. g4 Be6 15. h4 h5 16. Nxe6 fxe6 17. e5 Nh7 18. Qd3 Rxc3 19. Qxc3 Rxf3 20. gxh5 gxh5 21. Rhg1 Qf8 22. Qd2 Kh8 23. Qe2 Bxe5 24. Rdf1 Rxf1+ 25. Rxf1 Qe8 26. Bf4 Bg7 27. Rg1 Qf7 28. Bc1 Nf6 29. Qf2 b6 30. Qf3 Qe8 31. b3 a5 32. Qe3 Nd5 33. Qxe6 Nc3+ 34. Ka1 Bd4 35. Qh6# 1-0

[Event "EU-chT (Women) 23rd"]
[Site "Terme Catez"]
[Date "2021.11.20"]
[Round "8.3"]
[White "Berke, Ana"]
[Black "Nikolovska, Dragana"]
[Result "1-0"]
[WhiteElo "2135"]
[BlackElo "1877"]
[PlyCount "127"]
[EventDate "2021.11.12"]
[EventType "team-swiss"]
[EventRounds "9"]
[EventCountry "SLO"]
[SourceTitle "CBM 205"]
[Source "ChessBase"]
[SourceDate "2021.12.31"]
[SourceVersion "1"]
[SourceVersionDate "2021.12.31"]
[SourceQuality "1"]
[WhiteTeam "Croatia (W)"]
[BlackTeam "North Macedonia (W)"]
[WhiteTeamCountry "CRO"]
[BlackTeamCountry "MKD"]

1. e4 c5 2. Nf3 d6 3. d4 cxd4 4. Qxd4 Nc6 5. Bb5 a6 6. Bxc6+ bxc6 7. c4 e5 8. Qd3 Nf6 9. 0-0 Qc7 10. Rd1 Be7 11. Nc3 0-0 12. b3 h6 13. Ba3 Rd8 14. Rac1 Bb7 15. Qe2 Rd7 16. Rd3 Re8 17. Bb2 Qd8 18. Rcd1 Bf8 19. Na4 c5 20. Nc3 Re6 21. Nd2 Ne8 22. Nf1 Rg6 23. Ng3 Nc7 24. Na4 Bc6 25. Nb6 Re7 26. Nf5 Ree6 27. a4 Qg5 28. g3 Qf4 29. f3 Qg5 30. Bc1 Qh5 31. Qg2 Rg5 32. Bxg5 Qxg5 33. Qd2 Qh5 34. Nc8 Ne8 35. Qe3 Qg6 36. Qd2 Qf6 37. Kg2 Kh7 38. Ncxd6 Nxd6 39. Nxd6 Qe7 40. Nf5 Qc7 41. Rd8 Be8 42. Ra8 Qb7 43. Rd8 Qxb3 44. Ne3 Qxa4 45. Rb1 Be7 46. Rd3 Bg5 47. Qc3 Bxe3 48. Rxe3 Rd6 49. Re2 Rd4 50. Rc1 f6 51. Rd2 a5 52. Rxd4 exd4 53. Qc2 Qb4 54. Rb1 Ba4 55. Qa2 Qc3 56. Qxa4 Qd2+ 57. Kh3 Qd3 58. Qb3 Qe2 59. Rd1 a4 60. Qd3 Qa2 61. e5+ Kg8 62. e6 a3 63. e7 Kf7 64. Re1 1-0

[Event "EU-chT (Women) 23rd"]
[Site "Terme Catez"]
[Date "2021.11.15"]
[Round "4.8"]
[White "Nikolovska, Dragana"]
[Black "Terbe, Julianna"]
[Result "0-1"]
[WhiteElo "1877"]
[BlackElo "2318"]
[PlyCount "102"]
[EventDate "2021.11.12"]
[EventType "team-swiss"]
[EventRounds "9"]
[EventCountry "SLO"]
[SourceTitle "CBM 205"]
[Source "ChessBase"]
[SourceDate "2021.12.31"]
[SourceVersion "1"]
[SourceVersionDate "2021.12.31"]
[SourceQuality "1"]
[WhiteTeam "North Macedonia (W)"]
[BlackTeam "Hungary (W)"]
[WhiteTeamCountry "MKD"]
[BlackTeamCountry "HUN"]

1. e4 e5 2. Nf3 Nc6 3. Bb5 a6 4. Ba4 Nf6 5. Qe2 b5 6. Bb3 Be7 7. c3 d5 8. d3 0-0 9. 0-0 Be6 10. Nbd2 h6 11. Re1 Re8 12. a3 Bd6 13. Ba2 Ne7 14. Nf1 c5 15. Ng3 Qc7 16. Nh4 Rad8 17. h3 c4 18. Qf3 Nh7 19. Nhf5 dxe4 20. dxe4 Nxf5 21. Nxf5 Bf8 22. Bb1 Rd7 23. Bc2 Red8 24. Be3 a5 25. Kh1 f6 26. Qg4 Kh8 27. Kh2 Bf7 28. h4 h5 29. Qg3 g6 30. Nh6 Be8 31. Qf3 Bc5 32. Bc1 Kg7 33. g4 Rd2 34. Re2 hxg4 35. Nxg4 Rxe2 36. Qxe2 f5 37. Bh6+ Kh8 38. exf5 e4+ 39. Kh3 gxf5 40. Ne3 Qf7 41. Rg1 Bf8 42. Bxf8 Qxf8 43. f3 f4 44. Nf1 e3 45. Qg2 Rd5 46. Be4 Rh5 47. Qg4 e2 48. Nd2 Bd7 49. Qxd7 Rxh4+ 50. Kg2 Qg8+ 51. Kf2 Rh2+ 0-1

[Event "EU-Cup Online Gr-E (Women)"]
[Site "Tornelo INT"]
[Date "2020.12.20"]
[Round "8.1"]
[White "Nikolovska, Dragana"]
[Black "Daulyte Cornette, Deimante"]
[Result "0-1"]
[WhiteElo "1877"]
[BlackElo "2400"]
[PlyCount "114"]
[EventDate "2020.12.19"]
[EventType "team-tourn (rapid)"]
[EventRounds "9"]
[EventCountry "ISS"]
[SourceTitle "CBM 199 Extra"]
[Source "ChessBase"]
[SourceDate "2021.01.31"]
[SourceVersion "1"]
[SourceVersionDate "2021.01.31"]
[SourceQuality "1"]
[WhiteTeam "Gambit Asseco See (W)"]
[BlackTeam "Schwaebisch Hall (W)"]
[WhiteTeamCountry "MKD"]
[BlackTeamCountry "GER"]

1. d4 Nf6 2. Nc3 d5 3. Bf4 e6 4. e3 Bb4 5. Bd3 c5 6. dxc5 Nbd7 7. Nge2 Nxc5 8. 0-0 Nxd3 9. Qxd3 0-0 10. a3 Be7 11. Nd4 Bd7 12. e4 dxe4 13. Nxe4 Nd5 14. Bd2 f5 15. Ng3 Bf6 16. c4 Ne7 17. Nh5 e5 18. Nb5 Bxb5 19. Qxd8 Rfxd8 20. Nxf6+ gxf6 21. Bb4 Bxc4 22. Rfc1 Nc6 23. Rxc4 Nxb4 24. Rxb4 b6 25. Rc1 Rac8 26. Rxc8 Rxc8 27. g3 Rc2 28. a4 Rc5 29. Kg2 Kf7 30. Rb3 e4 31. Re3 Ke6 32. b3 Kd5 33. Re1 Rc3 34. Rd1+ Ke6 35. b4 Ra3 36. Rc1 Rxa4 37. Rc7 h5 38. b5 Ra5 39. h4 Rxb5 40. Rxa7 Rb2 41. Kf1 b5 42. Ra6+ Ke5 43. Rb6 b4 44. Rb5+ Kd4 45. Rxf5 b3 46. Rxh5 e3 47. fxe3+ Kxe3 48. Rb5 Kd3 49. h5 Kc4 50. Rb7 Rh2 51. g4 b2 52. Kg1 Rc2 53. Rc7+ Kd3 54. Rd7+ Ke3 55. Re7+ Kf3 56. Rb7 Rc1+ 57. Kh2 b1Q 0-1

[Event "EU-chT (Women) 21st"]
[Site "Heraklion"]
[Date "2017.11.04"]
[Round "7.2"]
[White "Zaksaite, Salomeja"]
[Black "Nikolovska, Dragana"]
[Result "1-0"]
[WhiteElo "2272"]
[BlackElo "1854"]
[PlyCount "55"]
[EventDate "2017.10.28"]
[EventType "team-swiss"]
[EventRounds "9"]
[EventCountry "GRE"]
[SourceTitle "CBM 181 Extra"]
[Source "ChessBase"]
[SourceDate "2017.12.12"]
[SourceVersion "1"]
[SourceVersionDate "2017.12.12"]
[SourceQuality "1"]
[WhiteTeam "Lithuania (W)"]
[BlackTeam "Macedonia (W)"]
[WhiteTeamCountry "LTU"]
[BlackTeamCountry "MKD"]

1. e4 c5 2. Nf3 d6 3. d4 cxd4 4. Nxd4 Nf6 5. Nc3 g6 6. f4 Nfd7 7. Be3 Bg7 8. Bd3 Nc6 9. Nf3 0-0 10. 0-0 a6 11. Qe1 Nc5 12. Qh4 Nxd3 13. cxd3 e6 14. Qf2 Bd7 15. d4 Rc8 16. Rad1 Qe7 17. Rfe1 Na5 18. Bc1 b5 19. e5 d5 20. a3 Nb3 21. Be3 a5 22. f5 gxf5 23. Bg5 Qe8 24. Bf6 Kh8 25. Qh4 Bxf6 26. Qxf6+ Kg8 27. Ng5 Qd8 28. Qh6 1-0

[Event "EU-chT (Women) 21st"]
[Site "Heraklion"]
[Date "2017.11.03"]
[Round "6.2"]
[White "Nikolovska, Dragana"]
[Black "Borosova, Zuzana"]
[Result "0-1"]
[WhiteElo "1854"]
[BlackElo "2290"]
[PlyCount "58"]
[EventDate "2017.10.28"]
[EventType "team-swiss"]
[EventRounds "9"]
[EventCountry "GRE"]
[SourceTitle "CBM 181 Extra"]
[Source "ChessBase"]
[SourceDate "2017.12.12"]
[SourceVersion "1"]
[SourceVersionDate "2017.12.12"]
[SourceQuality "1"]
[WhiteTeam "Macedonia (W)"]
[BlackTeam "Slovakia (W)"]
[WhiteTeamCountry "MKD"]
[BlackTeamCountry "SVK"]

1. e4 e5 2. Nf3 Nc6 3. Bb5 a6 4. Ba4 Nf6 5. d3 d6 6. Bxc6+ bxc6 7. 0-0 Be7 8. Re1 c5 9. Nbd2 0-0 10. Nf1 Re8 11. Ng3 Bf8 12. h3 g6 13. c4 Nd7 14. Nh2 Bg7 15. Ng4 h5 16. Nh6+ Kf8 17. Qf3 Qf6 18. Nhf5 h4 19. Qg4 hxg3 20. Bg5 Qe6 21. fxg3 Nf6 22. Qh4 gxf5 23. exf5 Qxf5 24. Rf1 Qh7 25. Bxf6 Qxh4 26. Bxh4 e4 27. dxe4 Rxe4 28. Rf3 Bxb2 29. Raf1 Be6 0-1